A general framework for evaluating driver schedules in public transport

Elmentve itt :
Bibliográfiai részletek
Szerzők: Balogh János
Dávid Balázs
Krész Miklós
Tóth Attila
Tóth László
Dokumentumtípus: Cikk
Megjelent: 2022
Sorozat:TRANSPORT PROBLEMS / PROBLEMY TRANSPORTU: INTERNATIONAL SCIENTIFIC JOURNAL 17 No. 1
Tárgyszavak:
doi:10.20858/tp.2022.17.1.14

mtmt:32761469
Online Access:http://publicatio.bibl.u-szeged.hu/26059
LEADER 01137nab a2200277 i 4500
001 publ26059
005 20230110101201.0
008 230110s2022 hu o 0|| Angol d
022 |a 1896-0596 
024 7 |a 10.20858/tp.2022.17.1.14  |2 doi 
024 7 |a 32761469  |2 mtmt 
040 |a SZTE Publicatio Repozitórium  |b hun 
041 |a Angol 
100 1 |a Balogh János 
245 1 2 |a A general framework for evaluating driver schedules in public transport  |h [elektronikus dokumentum] /  |c  Balogh János 
260 |c 2022 
300 |a 163-174 
490 0 |a TRANSPORT PROBLEMS / PROBLEMY TRANSPORTU: INTERNATIONAL SCIENTIFIC JOURNAL  |v 17 No. 1 
650 4 |a Számítás- és információtudomány 
700 0 1 |a Dávid Balázs  |e aut 
700 0 1 |a Krész Miklós  |e aut 
700 0 1 |a Tóth Attila  |e aut 
700 0 1 |a Tóth László  |e aut 
856 4 0 |u http://publicatio.bibl.u-szeged.hu/26059/1/TransportProblem_ToC.pdf  |z Dokumentum-elérés  
856 4 0 |u http://publicatio.bibl.u-szeged.hu/26059/2/TransportProblem_COver.pdf  |z Dokumentum-elérés  
856 4 0 |u http://publicatio.bibl.u-szeged.hu/26059/3/TransportProblems_paper.pdf  |z Dokumentum-elérés